000
00316nam a22001337a 4500
008
180914b xxu||||| |||| 00| 0 eng d
020
_a
9780030321016
041
_a
eng
080
_2
3 ED
_a
334.7
100
_a
55
101
_a
MAN
245
_a
Fundamentals Financial Management
_c
Brighan,E,F
942
_2
udc
_c
BK
999
_c
47811
_d
47811